00521nam a2200229Ia 450000500170000000800460001702000180006303700100008104000080009104000080009904000080010704100080011504100080012308400080013110000220013924500300016126000230019126000090021436500050022336500100022885600530023820260324124419.0008 260324s9999 xx 000 0 eng d a9780203846278 aEBOOK aCRL beng cCRL 2eng aeng qCRL aCharles T. Salmon 0aCommunication Yearbook 34 bTaylor and Francis c2010 a b34.99 uhttp://www.taylorfrancis.com/books/9780203846278